书目信息 |
| 题名: |
室内设计工程档案
|
|
| 作者: | 董君 主编 | |
| 分册: | Leisure space | |
| 出版信息: | 北京 中国林业出版社 2017 |
|
| 页数: | 224页 | |
| 开本: | 24cm | |
| 丛书名: | ||
| 单 册: | ||
| 中图分类: | TU238.2-64 , TU242.4-64 | |
| 科图分类: | ||
| 主题词: | 室内装饰设计--中国--图集 , 娱乐业--服务建筑--室内装饰设计--中国--图集 | |
| 电子资源: | ||
| ISBN: | 978-7-5038-8981-3 | |
| 000 | 01144nam0 2200301 450 | |
| 001 | 2342065210 | |
| 005 | 20231130114250.52 | |
| 010 | @a978-7-5038-8981-3@b精装@dCNY128.00 | |
| 090 | @aTU22@bdj | |
| 096 | @aTU22@bdj | |
| 100 | @a20170821d2017 em y0chiy0120 ea | |
| 101 | 0 | @achi |
| 102 | @aCN@b110000 | |
| 105 | @aa z 000yy | |
| 200 | 1 | @a室内设计工程档案@9shi nei she ji gong cheng dang an@e娱乐休闲@iLeisure space@dSelected interior design projects@f董君主编@g本书委员会编@zeng |
| 210 | @a北京@c中国林业出版社@d2017 | |
| 215 | @a224页@d24cm | |
| 314 | @a封面题:本书编委会编 | |
| 330 | @a本书内容包括:奥斯卡酒吧、聚星会馆、万科同乐会、银泰生命汇会所、水岸会所、明心堂养身会所、维多利亚美发会所、瑞禾园雅集会所、白鹭洲啤酒屋、银河世界会所、哈尔滨俱乐部等。 | |
| 510 | 1 | @aSelected interior design projects@iLeisure space@zeng |
| 517 | 1 | @a娱乐休闲@AYu Le Xiu Xian |
| 606 | 0 | @a室内装饰设计@y中国@j图集 |
| 606 | 0 | @a娱乐业@x服务建筑@x室内装饰设计@y中国@j图集 |
| 690 | @aTU238.2-64@v5 | |
| 690 | @aTU242.4-64@v5 | |
| 701 | 0 | @a董君@9dong jun@4主编 |
| 801 | 2 | @aCN@b58marc.cn@c20171025 |
| 905 | @aBZT@dTU238.2-64@e10 | |
| 室内设计工程档案:娱乐休闲.Leisure space=Selected interior design projects/董君主编/本书委员会编.-北京:中国林业出版社,2017 |
| 224页;24cm |
| ISBN 978-7-5038-8981-3(精装):CNY128.00 |
| 本书内容包括:奥斯卡酒吧、聚星会馆、万科同乐会、银泰生命汇会所、水岸会所、明心堂养身会所、维多利亚美发会所、瑞禾园雅集会所、白鹭洲啤酒屋、银河世界会所、哈尔滨俱乐部等。 |
| ● |
| 相关链接 |
|
|
|
正题名:室内设计工程档案
索取号:TU238.2-64/10
 
预约/预借
| 序号 | 登录号 | 条形码 | 馆藏地/架位号 | 状态 | 备注 |
| 1 | 2001170159 | 2001170159 | 中教(第二批第二书库)/山东中教(第二批)/2093/ [索取号:TU238.2-64/10] | 在馆 | |
| 2 | 2001170160 | 2001170160 | 中教(第二批第二书库)/山东中教(第二批)/2093/ [索取号:TU238.2-64/10] | 在馆 | |
| 3 | 2001170161 | 2001170161 | 中教(第二批第二书库)/山东中教(第二批)/2093/ [索取号:TU238.2-64/10] | 在馆 | |
| 4 | 2001170162 | 2001170162 | 中教(第二批第二书库)/山东中教(第二批)/2093/ [索取号:TU238.2-64/10] | 在馆 | |
| 5 | 2001170163 | 2001170163 | 中教(第二批第二书库)/山东中教(第二批)/2093/ [索取号:TU238.2-64/10] | 在馆 | |
| 6 | 2001170164 | 2001170164 | 中教(第二批第二书库)/山东中教(第二批)/2093/ [索取号:TU238.2-64/10] | 在馆 | |
| 7 | 2001170165 | 2001170165 | 中教(第二批第二书库)/山东中教(第二批)/2093/ [索取号:TU238.2-64/10] | 在馆 | |
| 8 | 2001170166 | 2001170166 | 中教(第二批第二书库)/山东中教(第二批)/2093/ [索取号:TU238.2-64/10] | 在馆 | |
| 9 | 2001170167 | 2001170167 | 中教(第二批第二书库)/山东中教(第二批)/2093/ [索取号:TU238.2-64/10] | 在馆 | |
| 10 | 2001170168 | 2001170168 | 中教(第二批第二书库)/山东中教(第二批)/2093/ [索取号:TU238.2-64/10] | 在馆 | |
| 11 | 2001170169 | 2001170169 | 中教(第二批第二书库)/山东中教(第二批)/2093/ [索取号:TU238.2-64/10] | 在馆 | |
| 12 | 2001170170 | 2001170170 | 中教(第二批第二书库)/山东中教(第二批)/2093/ [索取号:TU238.2-64/10] | 在馆 | |
| 13 | 2001170171 | 2001170171 | 中教(第二批第二书库)/山东中教(第二批)/2093/ [索取号:TU238.2-64/10] | 在馆 | |
| 14 | 2001170172 | 2001170172 | 中教(第二批第二书库)/山东中教(第二批)/2093/ [索取号:TU238.2-64/10] | 在馆 | |
| 15 | 2001170173 | 2001170173 | 中教(第二批第二书库)/山东中教(第二批)/2093/ [索取号:TU238.2-64/10] | 在馆 | |
| 16 | 2001170174 | 2001170174 | 中教(第二批第二书库)/山东中教(第二批)/2093/ [索取号:TU238.2-64/10] | 在馆 | |
| 17 | 2001170175 | 2001170175 | 中教(第二批第二书库)/山东中教(第二批)/2093/ [索取号:TU238.2-64/10] | 在馆 | |
| 18 | 2001170176 | 2001170176 | 中教(第二批第二书库)/山东中教(第二批)/2093/ [索取号:TU238.2-64/10] | 在馆 | |
| 19 | 2001170177 | 2001170177 | 中教(第二批第二书库)/山东中教(第二批)/2093/ [索取号:TU238.2-64/10] | 在馆 | |
| 20 | 2001170178 | 2001170178 | 中教(第二批第二书库)/山东中教(第二批)/2093/ [索取号:TU238.2-64/10] | 在馆 | |
| 21 | 2001170179 | 2001170179 | 中教(第二批第二书库)/山东中教(第二批)/2093/ [索取号:TU238.2-64/10] | 在馆 | |
| 22 | 2001170180 | 2001170180 | 中教(第二批第二书库)/山东中教(第二批)/2093/ [索取号:TU238.2-64/10] | 在馆 | |
| 23 | 2001170181 | 2001170181 | 中教(第二批第二书库)/山东中教(第二批)/2093/ [索取号:TU238.2-64/10] | 在馆 | |
| 24 | 2001170182 | 2001170182 | 中教(第二批第二书库)/山东中教(第二批)/2093/ [索取号:TU238.2-64/10] | 在馆 | |
| 25 | 2001170183 | 2001170183 | 中教(第二批第二书库)/山东中教(第二批)/2093/ [索取号:TU238.2-64/10] | 在馆 | |
| 26 | 2001170184 | 2001170184 | 中教(第二批第二书库)/山东中教(第二批)/2093/ [索取号:TU238.2-64/10] | 在馆 | |
| 27 | 2001170185 | 2001170185 | 中教(第二批第二书库)/山东中教(第二批)/2093/ [索取号:TU238.2-64/10] | 在馆 | |
| 28 | 2001170186 | 2001170186 | 中教(第二批第二书库)/山东中教(第二批)/2093/ [索取号:TU238.2-64/10] | 在馆 | |
| 29 | 2001170187 | 2001170187 | 中教(第二批第二书库)/山东中教(第二批)/2093/ [索取号:TU238.2-64/10] | 在馆 | |
| 30 | 2001170188 | 2001170188 | 中教(第二批第二书库)/山东中教(第二批)/2093/ [索取号:TU238.2-64/10] | 在馆 |